Nuevo inglés elemental : (Record no. 42041)

MARC details
000 -CABECERA
campo de control de longitud fija 00697nam a2200205 a 4500
005 - FECHA Y HORA DE LA ÚLTIMA TRANSACCIÓN
campo de control 20231017063811.0
008 - ELEMENTOS DE LONGITUD FIJA--INFORMACIÓN GENERAL
campo de control de longitud fija 991125s1961 mx 000 0 eng u
035 ## - NÚMERO DE CONTROL DEL SISTEMA
Número de control de sistema UPN01000042041
049 ## - COLECCIÓN
Colección LT
050 #4 - SIGNATURA TOPOGRÁFICA DE LA BIBLIOTECA DEL CONGRESO
Número de clasificación LB1631 M6.2
Número de documento/Ítem P5.6 LM
100 1# - ASIENTO PRINCIPAL--NOMBRE PERSONAL
Nombre de persona Picazo de Murray, Elena
9 (RLIN) 29578
245 10 - MENCIÓN DE TÍTULO
Título Nuevo inglés elemental :
Resto del título libro segundo para el maestro /
Mención de responsabilidad, etc. por Elena Picazo de Murray y Paul V. Murray ; il. Marion Margaret Adams
260 ## - PUBLICACIÓN, DISTRIBUCIÓN, ETC.
Lugar de publicación, distribución, etc. México :
Nombre del editor, distribuidor, etc. P. M.,
Fecha de publicación, distribución, etc. 1961
300 ## - DESCRIPCIÓN FÍSICA
Extensión 272 p. :
Otras características físicas il.
500 ## - NOTA GENERAL
Nota general Título tomado de la cubierta
650 #4 - ASIENTO SECUNDARIO DE MATERIA - TERMINO TEMATICO
Término de materia o nombre geográfico como elemento de entrada Inglés
Subdivisión general Estudio y enseñanza (Secundaria)
9 (RLIN) 5708
700 1# - ASIENTO SECUNDARIO--NOMBRE DE PERSONAL
Nombre de persona Murray, Paul V.,
Término indicativo de función/relación coaut.
9 (RLIN) 29699
904 ## - ELEMENTOS DE DATOS D LOCAL, LDD (RLIN)
a AC
b 042043
905 ## - TIPO DE MATERIAL
Tipo de material Libro
Holdings
Estado de retiro Estado de pérdida Fuente del sistema de clasificación o colocación Estado dañado No para préstamo Código de colección Localización permanente Ubicación/localización actual Ubicación en estantería Enumeración/cronología de publicación seriada Total de préstamos Clasificación Código de barras Fecha visto por última vez Número de copia Tipo de ítem Koha
    Library of Congress Classification   Coleccion LT Libros de texto Bib. Gregorio Torres Quintero Bib. Gregorio Torres Quintero Libros de Texto -   LB1631 M6.2 P5.6 LM 45465 31/12/2020 1 Libro